000 00622nam a22001577a 4500
005 20120526130016.0
020 _a0070616132
_c00
035 _aB-225253
037 _aDPL
_bENG
100 _aLangemeier, Loral
_948008
245 _aThe millionaire maker :
_bAct, think and make money the way the wealthy do /
_cby Loral Langemeier
260 _aNew Delhi
_bTata McGraw-Hill Publishing
_c2006
300 _axi, 276p.
_c20 cms.
942 _2ddc
_cEN
_h332.02401
_mLAN
999 _c67214
_d67214